00904cam a2200229 a 450000100060000000300080000600500170001400800410003103500190007204000320009104100140012308200220013724500670015926001000022630000470032650000310037350000790040465000250048394200120050899900170052095201370053713176BD-RjUL20211208235421.0140130s1965 cc abd 100 0 eng d a(BD-RjUL)13227 aDLCcDLCdDLCdBD-RjULbeng0 aengfrespa00a658.306bPAP 196500aPapers presented at the 1964 Peking symposium :bEngineering.  aPeking, China :bScientific and Technical Association of the People's Republic of China,c1965. a[12], 427 p. :c27 cm.bill., map,chart, aIssued also in Chinese ed. aPhotocopy. [S.l., s.n., between 1965 and 1981]. [184] leaves ; 16 x 21 cm. 0a Engineering.941030 2ddccBK c13176d13176 00102ddc40718NFICaRUCLbRUCLcReadingd1967-09-22eChinase govt.l0o658.306 PAP 1965r2014-01-30 00:00:00tC-1w2014-01-30yBK